| 000 | 00585cam a2200205 a 4500 | ||
|---|---|---|---|
| 001 | 000018377 | ||
| 005 | 20200929165500.0 | ||
| 008 | 860111s1985 fr 000 0 fre d | ||
| 020 | _a2736000323 | ||
| 040 |
_aDO-SdBNP _bfre _cLC _dBNPHU |
||
| 082 |
_a843.54 _bC475m |
||
| 100 | 1 |
_aCharles, Jean-Claude, _d1949- _939795 |
|
| 245 | 1 | 0 |
_aManhattan blues / _cJean-Claude Charles. |
| 260 |
_aParis : _bBarrault, _c1985. |
||
| 300 |
_a237 p. ; _c24 cm. |
||
| 650 | 4 |
_aNovela francesa _91075 |
|
| 650 | 4 |
_aLiteratura francesa _91074 |
|
| 910 | _aCatalogación derivada / LC | ||
| 049 | _aBNGR | ||
| 999 |
_c17898 _d17898 |
||